书目信息 |
| 题名: |
化妆品、洗涤用品和服饰中有害物质及其防护
|
|
| 作者: | 甘卉芳 编写 | |
| 分册: | ||
| 出版信息: | 北京 化学工业出版社 2000.05 |
|
| 页数: | 155页 | |
| 开本: | 32开 | |
| 丛书名: | 生活环境中有害因素防护丛书 | |
| 单 册: | ||
| 中图分类: | R168 | |
| 科图分类: | ||
| 主题词: | 有害物质--防护 | |
| 电子资源: | ||
| ISBN: | 7-5025-2790-7 | |
| 000 | 00723nam0 2200217 45 | |
| 001 | 0111191444 | |
| 005 | 20031219104051.6 | |
| 010 | @a7-5025-2790-7@dCNY10.00 | |
| 100 | @a20011119d2000 km y0chiy0120 ea | |
| 101 | 0 | @achi |
| 105 | @a z 000yy | |
| 200 | 1 | @a化妆品、洗涤用品和服饰中有害物质及其防护@AHua Zhuang Pin、Xi Di Yong Pin He Fu Shi Zhong You Hai Wu Zhi Ji Qi Fang Hu@f甘卉芳等编写@FGan Hui Fang Deng Bian Xie |
| 210 | @a北京@c化学工业出版社@d2000.05 | |
| 215 | @a155页@d32开 | |
| 225 | @a生活环境中有害因素防护丛书 | |
| 410 | @12001 @a生活环境中有害因素防护丛书 | |
| 606 | 0 | @a有害物质@x防护 |
| 690 | @aR168@v4 | |
| 701 | @a甘卉芳@4编写 | |
| 801 | @aCN@bTSTC@c20011119 | |
| 905 | @f6@b300911-916@dR168@e69 | |
| 化妆品、洗涤用品和服饰中有害物质及其防护/甘卉芳等编写.-北京:化学工业出版社,2000.05 |
| 155页;32开.-(生活环境中有害因素防护丛书) |
| ISBN 7-5025-2790-7:CNY10.00 |
| ● |
| 相关链接 |
|
|
|
|
正题名:化妆品、洗涤用品和服饰中有害物质及其防护
索取号:R168/69
 
预约/预借
| 序号 | 登录号 | 条形码 | 馆藏地/架位号 | 状态 | 备注 |
| 1 | 0300911 | 203009118 | 第三借阅区/ [索取号:R168/69] | 在馆 | |
| 2 | 0300912 | 203009127 | 第三借阅区/ [索取号:R168/69] | 在馆 | |
| 3 | 0300913 | 203009136 | 第三借阅区/ [索取号:R168/69] | 在馆 | |
| 4 | 0300914 | 203009145 | 第三借阅区/ [索取号:R168/69] | 在馆 | |
| 5 | 0300915 | 203009154 | 第三借阅区/ [索取号:R168/69] | 在馆 | |
| 6 | 0300916 | 203009163 | 第二样本阅览室/ [索取号:R168/69] | 在馆 |